| 000 | 01764nam a2200469Ii 4500 | ||
|---|---|---|---|
| 001 | DIGECOED0054 | ||
| 003 | NyNyDIG | ||
| 006 | m o d | ||
| 008 | 170608s2015 ck ob 001 0 spa d | ||
| 007 | cr ||||||||||| | ||
| 035 | _a(OCoLC)989691710 | ||
| 040 |
_aDGITA _beng _erda _epn _cDGITA |
||
| 020 |
_a9781461911753 _q(eBook) |
||
| 020 |
_a1461911753 _q(eBook) |
||
| 020 |
_a9789587712100 _q(eBook) |
||
| 020 |
_a9587712102 _q(eBook) |
||
| 020 | _z9789586485159 | ||
| 020 | _z9586485153 | ||
| 050 | 1 | 4 | _aHF5657.4 ebook |
| 082 | 0 | 4 | _a658.1511 |
| 100 | 1 |
_aSinisterra V., Gonzálo, _eauthor. |
|
| 245 | 1 | 0 |
_aContabilidad administrativa / _cGonzalo Sinisterra V., Luis E. Polanco I. |
| 264 | 1 |
_aBogotá, D.C. : _bEcoe Edciones, _c[2015] |
|
| 300 | _a1 online resource. | ||
| 336 |
_atext _btxt _2rdacontent |
||
| 337 |
_acomputer _bc _2rdamedia |
||
| 338 |
_aonline resource _bcr _2rdacarrier |
||
| 490 | 1 | _aColección: Ciencias administrativas. Área: Contabilidad y finanzas | |
| 504 | _aIncludes bibliographical references and index. | ||
| 588 | 0 | _aOnline resource; title from PDF title page (Digitalia, viewed June 9, 2017) | |
| 650 | 0 | _aManagerial accounting. | |
| 650 | 0 | _aPlanning. | |
| 655 | 0 | _aElectronic books. | |
| 700 | 1 |
_aPolanco I., Luis Enrique, _eauthor. |
|
| 791 | 2 |
_aDigitalia (Firm), _edistributor. |
|
| 793 | 0 |
_gDigitalia eBook Collection: _aEcoe Ediciones |
|
| 776 | 0 | 8 |
_iPrint version: _aSinisterra Valencia, Gonzálo. _tContabilidad administrativa. _dBogotá : Ecoe, 2007 _z9789586485159 |
| 830 | 0 |
_aColección: Ciencias Administrativas. _pÁrea Contabilidad y Finanzas. |
|
| 856 | 4 | 0 |
_3Digitalia Hispánica _uhttps://www.digitaliapublishing.com/a/29888/ |
| 910 | _aPremium collection: 2017 | ||
| 942 | _cRAA | ||
| 999 |
_c240074 _d240074 |
||